LEADER 00966naa a2200205 u 4500 001 000000101505 003 CaOOAMICUS 005 20070226130207.0 008 051215s2003 it u000 u ita u 035 $a11072733 040 $aIAR$bita 100 1 $aGrossi, Ada.$0(OLS)http://pul/name/63212 245 13$aUn >carmen figuratum< di fine XII secolo, lo schema planimetrico della basilica di Sant'Ambrogio di Milano e i primi n numeri dispari /$cAda Grossi. 260 $a[Milano :$bVita e pensiero],$c[2003] 300 $aS. 299-321 ;$c25 cm 610 24$aSant'Ambrogio (chiesa : Milano).$0(OLS)http://pul/subject/6286 730 0 $aAevum$g[Spogli].$0(OLS)http://pul/title/11692 773 0 $tAevum$k77 (2003)$w()8026 996 $6245$aUn >carmen figuratum< di fine XII secolo, lo schema planimetrico della basilica di Sant'Ambrogio di Milano e i primi n numeri dispari$9(OLS)http://pul/title/128410 996 $6260$a[Milano :$bVita e pensiero]$9(OLS)http://pul/publisher/79155 LEADER 01495nam a2200313 a 4500 001 000000129132 003 CaOOAMICUS 005 20120601100452.0 008 120601s2012 it 100 u ita r 020 $a978-88-6512-194-8 040 $aPUL$bita 082 04$a282.092 100 1 $aCostantini, Celso,$ccard.,$d1876-1958.$0(OLS)http://pul/name/12609 245 13$aIl ritratto segreto del Cardinale Celso Costantini in 10000 lettere dal 1892 al 1958 /$cBruno Fabio Pighin ; coordinatori dell'edizione Christian Gabrieli e Andrea Marcon. 260 $aVenezia :$bMarcianum Press,$cİ2012. 300 $a650 p. ;$c24 cm. 504 $aBibliografia in nota. 600 14$aCostantini, Celso,$ccard.,$d1876-1958$xCorrispondenza.$0(OLS)http://pul/subject/31728 700 1 $aPighin, Bruno Fabio.$0(OLS)http://pul/name/52508 700 1 $aMarcon, Andrea,$b1973-2024.$0(OLS)http://pul/name/82644 700 1 $aGabrieli, Christian.$0(OLS)http://pul/name/82645 850 $aPUL 852 $aPUL$W1$xSL Religione 3$y85$m282. 092 PIGBR 1$j149506$qDDC 21$B148048$CPULBib$Z2$F148048 $H119837 $82 941 1 $a9 996 $6020$a978-88-6512-194-8$9(OLS)http://pul/number/149853 996 $6082$a282.092$9(OLS)http://pul/classification/402 996 $6245$aIl ritratto segreto del Cardinale Celso Costantini in 10000 lettere dal 1892 al 1958$9(OLS)http://pul/title/163162 996 $6260$aVenezia :$bMarcianum Press$9(OLS)http://pul/publisher/79046